000 00730 a2200205 4500
020 _a0138474435
020 _a9780138474430
090 _c3911
_d3911
100 1 _aEmmons, Hamilton.
245 1 0 _aStorm :
_bpersonal version 3.0 :
_bquantitative modeling for decision support /
_cHamilton Emmons.
250 _aHar/Dis Su ed.
260 _a[S.l.] :
_bPrentice Hall College Div,
_c1992.
300 _a777 p.
500 _aHardcover.
700 1 _aFlowers, A. Dale.
700 1 _aKhot, Chandrashekhar M.
856 4 0 _3Amazon.com
_uhttp://www.amazon.com/exec/obidos/ASIN/0138474435/chopaconline-20
856 4 0 _3Amazon customer reviews
_uhttp://www.chopac.org/cgi-bin/tools/azrev.pl?q=0138474435
942 _aNBS
_cBK
_k005.3 EMM
999 _c346372
_d346372